000
00228 a2200097 4500
001
29751
100
_a
Wood D
245
_a
Jane's World Aircraft Recognition Handbook
260
_a
_b
Janes Publishers
_c
090
_c
19768
_d
19768
942
_a
NUST-CAE
_c
M
_c
10855
999
_c
264824
_d
264824